Лучшие сказки братьев Гримм (Запись № 4479617)
[ простой вид ]
| 000 -МАРКЕР | |
|---|---|
| контрольное поле | 01760nam0a2200313 i 4500 |
| 001 - ИДЕНТИФИКАТОР ЗАПИСИ | |
| контрольное поле | RU\NLR\bibl\2027575 |
| 005 - ИДЕНТИФИКАТОР ВЕРСИИ | |
| контрольное поле | 20260406133342.0 |
| 010 ## - МЕЖДУНАРОДНЫЙ СТАНДАРТНЫЙ НОМЕР КНИГИ (ISBN) | |
| Номер (ISBN) | 9785353055662 |
| Тираж | 7000 |
| 021 ## - НОМЕР ГОСУДАРСТВЕННОЙ РЕГИСТРАЦИИ | |
| Код страны | Российская Федерация |
| Номер | 2013-26581 |
| Номер Листа государственной регистраци | 1836 |
| 035 ## - ДРУГИЕ СИСТЕМНЫЕ НОМЕРА | |
| Идентификатор записи | (NLR Aleph) 002015543 |
| 100 ## - ДАННЫЕ ОБЩЕЙ ОБРАБОТКИ | |
| Данные общей обработки | 20130424d2013 c y0rusy50 ca |
| 101 1# - ЯЗЫК РЕСУРСА | |
| Язык текста, звукозаписи и т.д. | русский |
| Язык оригинала | немецкий |
| 102 ## - СТРАНА ПУБЛИКАЦИИ ИЛИ ПРОИЗВОДСТВА | |
| Страна публикации | Российская Федерация |
| 105 ## - ПОЛЕ КОДИРОВАННЫХ ДАННЫХ: ТЕКСТОВЫЕ МАТЕРИАЛЫ, МОНОГРАФИЧЕСКИЕ | |
| Кодированные данные о монографическом текстовом документе | a ||||||||| |
| 200 1# - ЗАГЛАВИЕ И СВЕДЕНИЯ ОБ ОТВЕТСТВЕННОСТИ | |
| Основное заглавие | Лучшие сказки братьев Гримм |
| Сведения, относящиеся к заглавию | [для младшего школьного возраста |
| Первые сведения об ответственности | В. Гримм, Я. Гримм |
| Последующие сведения об ответственности | пер. с нем. Т. Габбе и др.] |
| -- | худож.: И. Петелина |
| 210 ## - ПУБЛИКАЦИЯ, РАСПРОСТРАНЕНИЕ И ДР. | |
| Место издания, распространения и т.д. | Москва |
| Имя издателя, распространителя и т. д. | РОСМЭН |
| -- | РОСМЭН-Пресс |
| Дата издания, распространения и т.д. | 2013 |
| 215 ## - ФИЗИЧЕСКАЯ ХАРАКТЕРИСТИКА | |
| Специфическое обозначение материала и объем | 140, [4] с. |
| Другие сведения о физической характеристике | цв. ил. |
| Размеры | 27 |
| 225 1# - СЕРИЯ | |
| Основное заглавие серии | Лесная избушка |
| 225 0# - СЕРИЯ | |
| Основное заглавие серии | В гостях у сказки |
| 327 0# - ПРИМЕЧАНИЯ О СОДЕРЖАНИИ | |
| Текст примечания | Содерж.: Бременские уличные музыканты; Королевич-Лягушка, или Железный Генрих; Мальчик-с-пальчик; Король-Дроздобород; Стоптанные туфельки; Горшок каши; Белоснежка; Рапунцель; Шесть лебедей; Лесная избушка [и др.] |
| 700 #1 - ИМЯ ЛИЦА - ПЕРВИЧНАЯ ОТВЕТСТВЕННОСТЬ | |
| Код отношения | Автор |
| Графика поля | Кириллица |
| Материалы, к которым относится поле | rus |
| Начальный элемент ввода | Гримм |
| Часть имени, кроме начального элемента ввода | В. К. |
| Даты | 1786-1859 |
| Расширение инициалов личного имени | Вильгельм Карл |
| Системный номер авторитетной/нормативной записи | 112035 |
| Идентификатор авторитетной/нормативной записи | RU\NLR\auth\772018 |
| 701 #1 - ИМЯ ЛИЦА - АЛЬТЕРНАТИВНАЯ ОТВЕТСТВЕННОСТЬ | |
| Код отношения | Автор |
| Графика поля | Кириллица |
| Материалы, к которым относится поле | rus |
| Начальный элемент ввода | Гримм |
| Часть имени, кроме начального элемента ввода | Я. |
| Даты | 1785-1863 |
| Расширение инициалов личного имени | Якоб |
| Системный номер авторитетной/нормативной записи | 112038 |
| Идентификатор авторитетной/нормативной записи | RU\NLR\auth\772021 |
| 702 #1 - ИМЯ ЛИЦА - ВТОРИЧНАЯ ОТВЕТСТВЕННОСТЬ | |
| Код отношения | Карикатурист, Художник |
| Графика поля | Кириллица |
| Материалы, к которым относится поле | rus |
| Начальный элемент ввода | Петелина |
| Часть имени, кроме начального элемента ввода | И. А. |
| Дополнения к именам, кроме дат | художник |
| Даты | 1964- |
| Расширение инициалов личного имени | Ирина Андреевна |
| Системный номер авторитетной/нормативной записи | 36108 |
| Идентификатор авторитетной/нормативной записи | RU\NLR\auth\7753175 |
| 801 #0 - ИСТОЧНИК ЗАПИСИ | |
| Страна | Российская Федерация |
| Организация | NLR |
| Дата составления | 20130424 |
| Правила каталогизации | RCR |
| 801 #1 - ИСТОЧНИК ЗАПИСИ | |
| Страна | Российская Федерация |
| Организация | NLR |
| Дата составления | 20130424 |
| 942 ## - ДОПОЛНИТЕЛЬНЫЕ ЭЛЕМЕНТЫ ЗАПИСИ (АБИС) | |
| Тип экземпляра АБИС | Книга |
| 980 ## - КОЛЛЕКЦИЯ | |
| Название коллекции | НБР |
Нет доступных экземпляров.